| 000 | 00657nam a2200193 i 4500 | ||
|---|---|---|---|
| 001 | 35336 | ||
| 003 | ES-MaACL | ||
| 005 | 20230911063133.0 | ||
| 007 | t| | ||
| 008 | 030212s1975 sp ||||1| spa d | ||
| 100 | 1 |
_aBosch Millares, Juan, _d1893-1983 _930662 |
|
| 245 | 1 | 0 |
_aPaleopatologĂa osea de los primitivos pobladores de Canarias / _cJuan Bosch Millares. |
| 260 |
_aLas Palmas de Gran Canaria : _b[Cabildo Insular], _c1975. |
||
| 300 |
_a159 p., 2 lám. : _bil. ; _c23 cm. |
||
| 710 | 1 |
_aGran Canaria. _bCabildo Insular. _92264 |
|
| 852 |
_aES-MaACL _jE-8147 _bR.92458 |
||
| 852 |
_aES-MaACL _jE-9456 _bR.94072 |
||
| 999 |
_c35336 _d35336 |
||